The changing structure of a Ganda village : Kisozi, 1892-1952.

Saved in:
Bibliographic Details
Main Author: Richards, Audrey Isabel, 1899-
Format: Book
Language:English
Published: [Nairobi] : East African Pub. House, [1966].
Series:East African studies ; no. 24
Subjects:
LEADER 00911nam a2200241 i 4500
001 c000243128
003 CARM
005 00000000000000.0
008 840308s1966 ke 0 eng d
019 1 |a 1815190  |5 LACONCORD2021 
035 |a (OCoLC)178470  |5 LACONCORD2021 
082 0 4 |a 301.35096761 
100 1 |a Richards, Audrey Isabel,  |d 1899- 
245 1 4 |a The changing structure of a Ganda village :  |b Kisozi, 1892-1952. 
260 |a [Nairobi] :  |b East African Pub. House,  |c [1966]. 
300 |a 116 p. :  |b illus. 
440 0 |a East African studies ;  |v no. 24 
504 |a Bibliography: p.109-112. 
650 0 |a Villages  |z Uganda  |x Case studies. 
651 0 |a Kisozi (Burundi) 
852 8 |b CARM  |h A2:AQ34A0  |i B07574  |p 0326085  |f BK 
999 f f |i 17bbca82-9086-5fc0-91b2-34532810d3da  |s 9167130e-999a-57f6-8d71-f4b39e8741eb 
952 f f |p Can circulate  |a CAVAL  |b CAVAL  |c CAVAL  |d CARM 1 Store  |e B07574  |f A2:AQ34A0  |h Other scheme  |i book  |m 0326085